[Event "Titled Tuesday intern op 02nd Feb"]
[Site "Chess.com INT"]
[Date "2021.02.02"]
[Round "1"]
[White "Ben Artzi, Ido"]
[Black "Darini, Pouria"]
[Result "1-0"]
[WhiteElo "2368"]
[BlackElo "2432"]
[PlyCount "45"]
[EventDate "2021.02.02"]
[EventType "swiss (blitz)"]
[EventRounds "11"]
[EventCountry "USA"]
[SourceTitle "CBM 200 Extra"]
[Source "ChessBase"]
[SourceDate "2021.03.31"]
[SourceVersion "1"]
[SourceVersionDate "2021.03.31"]
[SourceQuality "1"]

1. d4 Nf6 2. c4 g6 3. Nc3 d5 4. Nf3 Bg7 5. cxd5 Nxd5 6. Na4 Nb6 7. e4 Nxa4 8. Qxa4+ c6 9. Be3 0-0 10. Be2 Bg4 11. 0-0 Nd7 12. Rfd1 Nf6 13. Qc2 Qa5 14. h3 Bxf3 15. Bxf3 e5 16. d5 cxd5 17. exd5 Rfd8 18. d6 Rac8 19. Qb3 e4 20. Be2 b6 21. Bc4 Rd7 22. Rac1 h6 23. Bxf7+ 1-0